চিত্রে ভাস্কর্যে রূপসি মানবী / (Record no. 2695)

MARC details
000 -LEADER
fixed length control field 01032nam a22002297a 4500
003 - CONTROL NUMBER IDENTIFIER
control field BD-DhJNU
005 - DATE AND TIME OF LATEST TRANSACTION
control field 20260420033524.0
008 - FIXED-LENGTH DATA ELEMENTS--GENERAL INFORMATION
fixed length control field 260420b |||||||| |||| 00| 0 eng d
020 ## - INTERNATIONAL STANDARD BOOK NUMBER
International Standard Book Number 9789845263498
040 ## - CATALOGING SOURCE
Original cataloging agency BD-DhJNU
Language of cataloging BEN
Transcribing agency BD-DhJNU
Modifying agency BD-DhJNU
082 ## - DEWEY DECIMAL CLASSIFICATION NUMBER
Edition number 23
Classification number 700
100 ## - MAIN ENTRY--PERSONAL NAME
Personal name রফিক, আহমদ
242 ## - TRANSLATION OF TITLE BY CATALOGING AGENCY
Title Beautiful woman in sculpture /
Statement of responsibility, etc. Ahmed Rafiq
245 ## - TITLE STATEMENT
Title চিত্রে ভাস্কর্যে রূপসি মানবী /
Statement of responsibility, etc. আহমদ রফিক
260 ## - PUBLICATION, DISTRIBUTION, ETC.
Place of publication, distribution, etc. ঢাকা :
Name of publisher, distributor, etc. অনিন্দ্য প্রকাশ,
Date of publication, distribution, etc. 2020.
300 ## - PHYSICAL DESCRIPTION
Extent ১৬০ পৃ. :
Other physical details চিত্র ;
Dimensions ২২ সেমি.।
504 ## - BIBLIOGRAPHY, ETC. NOTE
Bibliography, etc. note গ্রন্থপঞ্জিগত নির্দেশিকা ও নিঘন্ট অন্তভূক্ত
650 ## - SUBJECT ADDED ENTRY--TOPICAL TERM
Topical term or geographic name entry element শিল্পকলা ও সংস্কৃতি - Art and Culture
650 ## - SUBJECT ADDED ENTRY--TOPICAL TERM
Topical term or geographic name entry element লোকশিল্প - Folk Art
650 ## - SUBJECT ADDED ENTRY--TOPICAL TERM
Topical term or geographic name entry element শিল্প সমালোচনা - Art Criticism
942 ## - ADDED ENTRY ELEMENTS (KOHA)
Source of classification or shelving scheme Dewey Decimal Classification
Koha item type Books
Suppress in OPAC No
Holdings
Withdrawn status Lost status Source of classification or shelving scheme Damaged status Not for loan Collection Home library Current library Shelving location Date acquired Source of acquisition Total checkouts Full call number Barcode Date last seen Copy number Price effective from Koha item type
    Dewey Decimal Classification     Non-fiction Jagannath University Central Library Jagannath University Central Library General stacks 04/20/2026 Purchase   700 RAB JNUCL36234 04/20/2026 1 04/20/2026 Books